000 00872nas a2200301 4500
001 BR0304528
003 BR-BrBNA
005 20231205104044.0
007 ta
008 230509b bl.|||p| |||| 00| 00por d
040 _aBR-BrBNA
_bpor
_cBiblioteca Nacional de Agricultura
041 _a(En)
072 _aH10
100 1 _aToscano, L.C.
100 1 _aBoiça Junior, A.L.
100 1 _aMaruyama, W.I.
245 1 _aNonpreference of whitefly for oviposition in tomato genotypes
650 _aTOMATE
650 _aGENÓTIPO
650 _aPRAGA DE PLANTA
650 _aINSETO
650 _aCONTROLE BIOLÓGICO
650 _aCONTROLE INTEGRADO
650 _aVARIEDADE RESISTENTE
773 0 _tScientia Agrícola (Brazil)
_xISSN 0103-9016
_g(Oct-Dec 2002), v. 59(4) p. 677-681
_wBR0304528
909 _a202311
_bLúcia
_c55
_dLúcia Elande
942 _2AGRIS
_n0
_cANA
999 _c176100
_d176100